„AKIK ÖSSZETARTOZNAK, MÁGNES VONZZA ÖSSZE” /Szepes Mária/ SZAKMAI GYAKORLAT Kulturális turizmus – kulturális rendezvényszervezés Szepes Mária Alapítvány
| Szerző: | |
|---|---|
| További közreműködők: | |
| Dokumentumtípus: | Projektmunka |
| Kulcsszavak: | alapítvány(ok) együttműködés emberi közösség eseménymarketing irodalom kulturális sokszínűség művészetek nonprofit szektor online technika rendezvények rendezvényszervezés szellemi alkotások szerzői jog |
| Online Access: | http://dolgozattar.uni-bge.hu/59859 |
MARC
| LEADER | 00000nnm a2200000 i 4500 | ||
|---|---|---|---|
| 001 | dolg59859 | ||
| 005 | 20260409145648.0 | ||
| 008 | 260409suuuu hu o 000 hun d | ||
| 040 | |a BGE Dolgozattár Repozitórium |b hun | ||
| 041 | |a hu | ||
| 100 | 1 | |a Rawelhoffer Antal Richárd | |
| 245 | 1 | 0 | |a „AKIK ÖSSZETARTOZNAK, MÁGNES VONZZA ÖSSZE” /Szepes Mária/ SZAKMAI GYAKORLAT Kulturális turizmus – kulturális rendezvényszervezés Szepes Mária Alapítvány |c Rawelhoffer Antal Richárd |h [elektronikus dokumentum] |
| 516 | |a Project_work | ||
| 520 | 3 | |a Projektmunkám fő témája a Szepes Mária Alapítványnál végzett kulturális rendezvényszervezői szakmai gyakorlatom értékelése. Három megvalósult rendezvény tükrében elemzem a szervezés komplex folyamatát. Az esettanulmányok fókuszában a személyes jelenléttel, illetve online rendezett alkalmak szervezési szempontú összevetése, az alkalmazott marketing stratégiák vizsgálata, valamint a nonprofit célokon túlmutató gazdasági nyereségszerzés lehetőségeinek a feltérképezése áll. Kutatásom során az egyeztető értekezletek és egyéb kommunikációs folyamatok mentén adatgyűjtést végeztem az Alapítvány belső és külső munkatársai, a felkért előadók és a résztvevők körében. Az adatok értékelése és a szervezési tapasztalatok összegzése mentén kirajzolódnak a Szepes Mária Alapítvány kulturális missziójához kötődő rendezvényszervezői specifikumok, és feltárul e különleges formáció jelentősége a kulturális turizmus sokszínű világában. | |
| 695 | |a alapítvány(ok) | ||
| 695 | |a együttműködés | ||
| 695 | |a emberi közösség | ||
| 695 | |a eseménymarketing | ||
| 695 | |a irodalom | ||
| 695 | |a kulturális sokszínűség | ||
| 695 | |a művészetek | ||
| 695 | |a nonprofit szektor | ||
| 695 | |a online technika | ||
| 695 | |a rendezvények | ||
| 695 | |a rendezvényszervezés | ||
| 695 | |a szellemi alkotások | ||
| 695 | |a szerzői jog | ||
| 700 | 1 | |a Szalók Zsófia Csilla |e ths | |
| 856 | 4 | 0 | |u http://dolgozattar.uni-bge.hu/59859/1/Projektmunka%20Rawelhoffer%20Antal%20Rich%C3%A1rd%2020250422.pdf |z Dokumentum-elérés |
| 856 | 4 | 0 | |u http://dolgozattar.uni-bge.hu/59859/2/Rawelhoffer%20Antal%20Richard%20FOSZK%20b%C3%ADr%C3%A1lat_Szal%C3%B3k%20Csilla.pdf |z Dokumentum-elérés |